000 00507nam a2200181Ia 4500
005 20250326130307.0
008 250326s9999 xx 000 0 und d
037 _aTextbook
040 _aFMSL
_beng
_cFMSL
041 _aeng
_2eng
084 _aX:77v K9
_qFMSL
100 _aBaerwald F
_9737309
245 0 _aHistory a structure of economic development
_cBaerwald F
260 _aLondon
_bLondon, Oxford & IBH
_c1969
300 _a197p
942 _cTB
_hX:77v K9
999 _c1281851
_d1281851